000 00280nam a2200145Ia 4500
100 _aSudha Murthy
650 _aGeneral
942 _cBK
366 _f20
245 _aWise and otherwise
260 _bPenquin books
_c2006
300 _a132
546 _aENGLISH
999 _c32820
_d32820